Fisiología articular: esquemas comentados de mecánica humana

Uloženo v:
Podrobná bibliografie
Hlavní autor: Kapandji, Adalbert Ibrahim (Autor)
Médium: Kniha
Jazyk:španělština
Vydáno: Madrid Médica Panamericana 2006
Vydání:6a. ed
Témata:
Tagy: Přidat tag
Žádné tagy, Buďte první, kdo vytvoří štítek k tomuto záznamu!

MARC

LEADER 00000nam a2200000 a 4500
001 UCH9366
003 CL-VaPUC
008 100107e20060000SP |||||||||||||||||spa|d
020 |a 9788498350029 
082 0 4 |a 612.75  |b KAP  |2 21 
100 |a Kapandji, Adalbert Ibrahim  |e author  |9 558046 
245 1 0 |a Fisiología articular: esquemas comentados de mecánica humana 
250 |a 6a. ed 
300 |a t 
942 |c BK 
945 |d 20100107 00:00:00  |a rbrito 
260 |a Madrid  |b Médica Panamericana  |c 2006 
500 |a t.1: Hombre, Codo, Pronosupinción, Muñeca, Mano 
500 |a t.3: Raquis, Cintura pélvica, Raquis lumbar, Raquis torácico tórax, Raquis cervical, Cabeza 
650 0 |a Fisiología humana   |9 269557 
650 7 |a HOMBRE  |2 CL-VaPUC  |9 262149 
650 7 |a MANO  |2 CL-VaPUC  |9 407182 
650 7 |a MUÑECA  |2 CL-VaPUC  |9 409895 
650 0 |a Articulaciones  |9 324125 
650 7 |a MUSCULO  |2 CL-VaPUC  |9 394566 
650 7 |a RAQUIS  |2 CL-VaPUC  |9 546418 
650 0 |a Cabeza  |9 344504 
650 7 |a CINTURA PELVICA  |2 CL-VaPUC  |9 546419 
583 |a last modification  |c 20100107 00:00:00  |k Rodrigo Vera 
999 |c 339353  |d 339351 
952 |0 0  |1 0  |4 0  |6 612_750000000000000_KAP_2006  |7 0  |8 A  |9 432957  |a BIBCUR  |b BIBCUR  |d 2019-11-22  |h t.1  |i 4631692  |o 612.75 KAP 2006  |p 4631692  |r 2025-04-22  |w 2019-11-22  |y BK  |k KIN 
952 |0 0  |1 0  |4 0  |6 612_750000000000000_KAP_2006  |7 0  |8 A  |9 432958  |a BIBCUR  |b BIBCUR  |d 2019-11-22  |h t.1  |i 4631706  |l 3  |o 612.75 KAP 2006  |p 4631706  |r 2025-04-22  |s 2025-03-27  |w 2019-11-22  |y BK  |k KIN 
952 |0 0  |1 0  |4 0  |6 612_750000000000000_KAP_2006  |7 0  |8 A  |9 432959  |a BIBCUR  |b BIBCUR  |d 2019-11-22  |h t.1  |i 4631714  |o 612.75 KAP 2006  |p 4631714  |r 2025-04-22  |w 2019-11-22  |y BK  |k KIN 
952 |0 0  |1 0  |4 0  |6 612_750000000000000_KAP_2006  |7 0  |8 A  |9 432960  |a BIBCUR  |b BIBCUR  |d 2019-11-22  |h t.1  |i 4631749  |l 1  |o 612.75 KAP 2006  |p 4631749  |r 2025-04-22  |s 2023-04-24  |w 2019-11-22  |y BK  |k KIN 
952 |0 0  |1 0  |4 0  |6 612_750000000000000_KAP_2006  |7 0  |8 A  |9 432961  |a BIBCUR  |b BIBCUR  |d 2019-11-22  |h t.1  |i 4631757  |o 612.75 KAP 2006  |p 4631757  |r 2025-04-22  |w 2019-11-22  |y BK  |k KIN 
952 |0 0  |1 0  |4 0  |6 612_750000000000000_KAP_2006  |7 0  |8 A  |9 432962  |a BIBCUR  |b BIBCUR  |d 2019-11-22  |h t.3  |i 4631765  |o 612.75 KAP 2006  |p 4631765  |r 2025-04-22  |w 2019-11-22  |y BK  |k KIN 
952 |0 0  |1 0  |4 0  |6 612_750000000000000_KAP_2006  |7 0  |8 A  |9 432963  |a BIBCUR  |b BIBCUR  |d 2019-11-22  |h t.3  |i 4631773  |l 1  |o 612.75 KAP 2006  |p 4631773  |r 2025-04-22  |s 2023-08-08  |w 2019-11-22  |y BK  |k KIN 
952 |0 0  |1 0  |4 0  |6 612_750000000000000_KAP_2006  |7 0  |8 A  |9 432964  |a BIBCUR  |b BIBCUR  |d 2019-11-22  |h t.3  |i 4631781  |o 612.75 KAP 2006  |p 4631781  |r 2025-04-22  |w 2019-11-22  |y BK  |k KIN 
952 |0 0  |1 0  |4 0  |6 612_750000000000000_KAP_2006  |7 0  |8 A  |9 432965  |a BIBCUR  |b BIBCUR  |d 2019-11-22  |h t.3  |i 463179K  |o 612.75 KAP 2006  |p 463179K  |r 2025-04-22  |w 2019-11-22  |y BK  |k KIN 
952 |0 0  |1 0  |4 0  |6 612_750000000000000_KAP_2006  |7 0  |8 A  |9 432966  |a BIBCUR  |b BIBCUR  |d 2019-11-22  |h t.3  |i 4631803  |o 612.75 KAP 2006  |p 4631803  |r 2025-04-22  |w 2019-11-22  |y BK  |k KIN 
952 |0 0  |1 0  |4 0  |6 612_750000000000000_KAP_2006  |7 0  |8 A  |9 432967  |a BIBCUR  |b BIBCUR  |d 2019-11-22  |h t.3  |i 4631811  |o 612.75 KAP 2006  |p 4631811  |r 2025-04-22  |w 2019-11-22  |y BK  |k KIN 
952 |0 0  |1 0  |4 0  |6 612_750000000000000_KAP_2006  |7 0  |8 A  |9 432968  |a BIBCUR  |b BIBCUR  |d 2019-11-22  |h t.3  |i 463182K  |l 1  |o 612.75 KAP 2006  |p 463182K  |r 2025-04-22  |s 2025-03-11  |w 2019-11-22  |y BK  |k KIN 
952 |0 0  |1 0  |4 0  |6 612_750000000000000_KAP_2006  |7 0  |8 A  |9 432969  |a BIBCUR  |b BIBCUR  |d 2019-11-22  |h t.3  |i 4780477  |l 2  |m 2  |o 612.75 KAP 2006  |p 4780477  |r 2025-04-22  |s 2023-08-24  |w 2019-11-22  |y BK  |k KIN